000 00796nam a2200241 a 4500
001 BRCA_6338
005 20190320205422.0
008 150811s1919----gw-#######---#000-0#ger-#
041 _ager
044 _agw
050 4 _aPT 1155
_b.B3 1919
100 1 _aBecker, Willy
_915893
245 1 0 _aNeues Vortragsbuch, vom Guten das Beste
_cVon Wlly Becker-Koeln.
260 _aKoeln am Rheim, Alemania
_bHoursch & Bechstedt
_c1919
300 _a2 v.
_c22 cm.
500 _aEstado físico: cantos deteriorados
500 _aK86
501 _aContenido: v. 1 Erster band Ernstes und Heiteres.-- v. 2 Zweiter band Ernster und heiteres, neue folge mit Zahlreichen original-beitragen.
650 1 4 _aLiteratura Alemana
_96160
650 1 4 _aPoesía alemana
_915894
902 _aGFM
942 _2lcc
_cB
999 _c6024
_d6024